မိရိုးဖလာ ဗုဒ္ဓဘာသာမှစစ်မှန်သောဗုဒ္ဓဘာသာဖြစ်ဖို့ လူသားအကျိုးပြုဗုဒ္ဓဘာသာ / (Record no. 40998)

000 -LEADER
fixed length control field 01177nam a22002057a 4500
003 - CONTROL NUMBER IDENTIFIER
control field OSt
005 - DATE AND TIME OF LATEST TRANSACTION
control field 20241029151443.0
008 - FIXED-LENGTH DATA ELEMENTS--GENERAL INFORMATION
fixed length control field 230227b ||||| |||| 00| 0 eng d
040 ## - CATALOGING SOURCE
Transcribing agency SSBUL
082 ## - DEWEY DECIMAL CLASSIFICATION NUMBER
Edition number 23
Classification number ၂၉၄.၃၄၄၃ ပ
Item number ၁၃၁၉၃ S-SAT
100 0# - MAIN ENTRY--PERSONAL NAME
Personal name ပညာစာရ ၊
Titles and words associated with a name အရှင်၊ဘီအေ( ရွှေသံလွင်၊ ဖားဆောင်း)။
9 (RLIN) 20676
9 (RLIN) 20676
245 10 - TITLE STATEMENT
Title မိရိုးဖလာ ဗုဒ္ဓဘာသာမှစစ်မှန်သောဗုဒ္ဓဘာသာဖြစ်ဖို့ လူသားအကျိုးပြုဗုဒ္ဓဘာသာ /
Statement of responsibility, etc. အရှင်ပညာစာရ(ဘီအေ)(ရွှေသံလွင်၊ဖားဆောင်း)။
260 ## - PUBLICATION, DISTRIBUTION, ETC.
Place of publication, distribution, etc. ရန်ကုန် ၊
Name of publisher, distributor, etc. အေးပုံနိုပ်တိုက် ၊
Date of publication, distribution, etc. ၂၀၁၂။
300 ## - PHYSICAL DESCRIPTION
Extent ၁၉၂ စာမျက်နှာ ၊
Dimensions ၂၂ စင်တီ။
500 ## - GENERAL NOTE
General note ကျမ်းကိုးစာရင်းပါသည်။
General note S-SAT: Dr. Sai Aung Tun
650 ## - SUBJECT ADDED ENTRY--TOPICAL TERM
Topical term or geographic name entry element ဗုဒ္ဓဘာသာ
Form subdivision တရားတော်
9 (RLIN) 7249
942 ## - ADDED ENTRY ELEMENTS (KOHA)
Koha item type Book (Short term)
Source of classification or shelving scheme
Holdings
Withdrawn status Lost status Source of classification or shelving scheme Damaged status Not for loan Collection code Permanent Location Current Location Shelving location Date acquired Total Checkouts Full call number Barcode Date last seen Price effective from Koha item type Accession
          Special Collections Shan State Buddhist University Library Shan State Buddhist University Library Special Collection Shelves 29/10/2024   ၂၉၄.၃၄၄၃ ပ ၁၃၁၉၃ S-SAT MB00013193 29/10/2024 29/10/2024 Book (Short term) ၁၃၁၉၃ S-SAT

Library - 09407999929
Admin Office - 09407999979
Dean Office - 09250910768
Registrar Office - 09892297154
Email - [email protected]
Shan State Buddhist University, Phaya Phyu Taunggyi, Shan State, Myanmar.